Представление документа в формате RUSMARC

ПолеНазваниеЗначение
  Тип записи a
  Библиографический уровень m
001 Контрольный номер 61835cff388d46b5976543c593e987ed
005 Дата корректировки 20141021162804.9
010 Индекс ISBN __
a ISBN 978-5-222-11097-3(Издательство "Феникс"); 978-5-938-35217-9(ООО Издательство "Северо-Запад")
101 Язык документа 0_
a Язык текста rus
102 Страна публикации __
a Страна публикации RU
200 Заглавие и сведения об ответственности 1_
a Заглавие Права студента
b Общее обозначение материала Текст
e Сведения, относящиеся к заглавию Справочное издание
f Первые сведения об ответственности В.И. Круглов
210 Выходные данные 1_
a Место издания Ростов н /Д
c Издательство Феникс, СПб: ООО Издательство "Северо-Запад"
d Дата издания 2997
215 Физическое описание __
a Объем 192 с.
610 Ключевые слова 0_
a Ключевые слова права студента
686 Индексы других классификаций __
a Классификационный индекс 74.58
700 Автор _1
a Фамилия Круглов
b Имя В.И.
801 Источник записи _0
a Страна RU
b Организация РУК
g Правила каталогизации PSBO
801 Источник записи _1
a Страна RU
b Организация РУК
g Правила каталогизации PSBO
852 Данные о местонахождении __
i Авторский знак К 84
j Шифр хранения ББК 74.58
901 Тип документа __
t Тип документа m
937 Технологическая информация __
a Создатель записи (имя) ОрловаОВ
938 Служебная информация __
a Название организации Смоленский филиал
952 Тип литературы __
c Вид литературы справочник